00350nam a2200133Ia 4500008004100000041000800041082001500049100001600064245004500080250001400125260003700139300003300176365000700209240624s9999 xx 000 0 und d aeng a302.35 CHA aCHALEFF IRA aCOURAGEOUS FOLLOWER STANDING UP TO AND F a(2nd ed.) c2005aNew DelhibTata McGrawhill axxiii, : 240 : p. : cm. ; 24 cRS